| 000 | 01091nam a22003017a 4500 | ||
|---|---|---|---|
| 005 | 20220817043119.0 | ||
| 008 | 971010s1984 r 10010 d | ||
| 010 | _a66097 | ||
| 011 | _a67069 | ||
| 035 | _a76245 | ||
| 082 |
_a631.521 _bC8 1983 |
||
| 111 | 0 | 0 |
_aCurso de Actualización sobre Tecnología de Semillas ( _d1983 _c: Saltillo, Coah.) _930600 |
| 245 | _aMemorias | ||
| 260 |
_aSaltillo, Coah. : _bUniversidad Autónoma Agraria Antonio Narro. Centro de Capacitación y Desarrollo de Tecnología de Semillas, _c1984 |
||
| 300 | _a107 p | ||
| 500 | _a1992-1074 | ||
| 590 |
_aBATCH-UPD _b10 _c20130110 _lUCH01 _h0713 |
||
| 590 |
_aBATCH-UPD _b10 _c20130410 _lUCH01 _h0358 |
||
| 590 |
_aBATCH-UPD _b10 _c20130914 _lUCH01 _h1132 |
||
| 590 |
_aCONVERSION _b10 _c20130109 _lUCH01 _h1336 |
||
| 650 | 1 | 4 |
_aLegumbres _xSemilla. _965782 |
| 650 | 1 | 4 |
_aPastos forrajeros _xSemilla. _986120 |
| 650 | 1 | 4 | _aSemillas. |
| 650 | 1 | 4 |
_aSemillas _xCertificación. _9103883 |
| 650 | 1 | 4 |
_aSemillas _xDeshidratación. _9103889 |
| 901 | _aBK | ||
| 949 |
_a631.521 C8 1983 _bZA _cLIBRO _d-9264 _eLIBRO _h5855 _i76245 _si |
||
| 999 |
_c66097 _d66097 |
||